000 00650nam a22001697a 4500
003 PILC
005 20150305152406.0
008 150305b xxu||||| |||| 00| 0 eng d
050 _aHF 5549.5.M63
_b.P579 2006
100 _aPiad, Rexianne Caroline M.
245 _aThe impact of the different motivational tools on employee performance in CMP Federal Security Agency, Inc. /
_cRexianne Caroline M. Piad.
260 _aLas PiƱas City, Philippines :
_bSouthville International School and Colleges,
_cc2006.
300 _a97 pages :
_billustrations ;
_c28 cm.
521 _aBusiness Administration
650 _aEmployee motivation.
942 _2lcc
_cTH
999 _c283734
_d283734